| 000 | 00361 a2200145 4500 | ||
|---|---|---|---|
| 001 | 90641 | ||
| 082 | _a515 STE | ||
| 090 |
_c42932 _d42932 |
||
| 100 | _aJames Stewart | ||
| 245 | _aCalculus; early transcendentals, 7th | ||
| 260 |
_aAndover _bCengage Learning _c2012 |
||
| 300 | _axxviii, 1170+146p | ||
| 500 | _aDOS BS Reference Books | ||
| 505 | _aAHQ Books | ||
| 942 |
_aCAE NUST _k515 STE |
||
| 999 |
_c325714 _d325714 |
||